BIOCHEMISTRY AND CLINICAL PATHOLOGY: THEORY AND PRACTICAL (Record no. 5979)

MARC details
000 -LEADER
fixed length control field 00421nam a22001577a 4500
005 - DATE AND TIME OF LATEST TRANSACTION
control field 20210827142657.0
008 - FIXED-LENGTH DATA ELEMENTS--GENERAL INFORMATION
fixed length control field 190910b xxu||||| |||| 00| 0 eng d
020 ## - INTERNATIONAL STANDARD BOOK NUMBER
ISBN 978-81-85731-84-1
041 ## - LANGUAGE CODE
Language code of text/sound track or separate title eng
100 ## - MAIN ENTRY--AUTHOR NAME
Personal name DANDIYA, P.C AND SHARMA, P.K.
245 ## - TITLE STATEMENT
Title BIOCHEMISTRY AND CLINICAL PATHOLOGY: THEORY AND PRACTICAL
250 ## - EDITION STATEMENT
Edition statement 3rd Ed.
260 ## - PUBLICATION, DISTRIBUTION, ETC. (IMPRINT)
Place of publication DELHI
Name of publisher VALLABH PRAKASHAN
300 ## - PHYSICAL DESCRIPTION
Number of Pages 344p,
942 ## - ADDED ENTRY ELEMENTS (KOHA)
Koha item type Books
Holdings
Lost status Damaged status Collection code Home library Current library Shelving location Date acquired Source of acquisition Cost, normal purchase price Accession Number Koha item type
    PHARMACY JRU Library JRU Library Shelf - 22- H 10/09/2019 PURCHESS 255.00 23484 Books
    PHARMACY JRU Library JRU Library Shelf - 22- H 10/09/2019 PURCHESS 255.00 23485 Books
    PHARMACY JRU Library JRU Library Shelf - 22- H 10/09/2019 PURCHESS 255.00 23486 Books
    Reference JRU Library JRU Library SHELF-5-C 10/09/2019 PURCHESS 255.00 23487 Books